000 00551nam a2200205Ia 4500
003 OSt
005 20230531100534.0
008 210423s2002 xx 000 0 und d
040 _cAL
041 _aeng
082 _a153.8 BART
_223
100 _aBARRETT (Jim);WILLIAMS (Geoff)
_9117542
245 _aTest your own aptitude
260 _aNew Delhi
_bKogan Page Ltd
_c2002
365 _b175
_cINR
650 _aMental Process & Intelligence
_9117543
650 _aPsychology
_9117544
906 _aaptitude. ; own ; Test ; your
942 _2ddc
_cBK
999 _c173669
_d173669